000 01009nam a2200301 a 4500
005 20200104041515.0
008 140221b1988 vau||||| |||| 00| 0 eng d
020 _a0952027550
040 _aCO-BoIAVH
_cCO-BoIAVH
041 _aeng
082 _aLB-333.72
_bJ25c
090 _aLB
_b333.72
100 _aJackson, Peter Wyse
_99121
110 _93606
_aBotanic Gardens Conservation International
_bBotanic Gardens Conservation International
245 _aConservation action plan for botanic gardens of the Caribbean islands
260 _aRichmond
_bBGCI
_c1988
300 _a36 p.
650 _aConservación de biodiversidad
_9345
650 _aPlan de acción para jardines botánicos
_94165
650 _aEcosistemas terrestres
_945601
650 _aConservación de ecosistemas
_945602
650 _aEducación ambiental
_9162
650 _aUso sostenible
_9344
650 _aPolítica ambiental
_945605
662 _cIslas del Caribe
700 _aBurbidge, Brinsley
_99125
942 _cFolleto
_2ddc
999 _c774
_d774